000
00204nam a2200109Ia 4500
100
_a
#N/A
942
_c
BK
245
_a
Adobe Photoshop Lightroom 3.3
260
_b
#N/A
546
_a
ENGLISH
999
_c
26060
_d
26060